Comuni della Provincia di Latina - Statistics

Statistiche generali
  • Questo quiz è stato fatto 81 volte
  • Il punteggio medio è 21 su 33
Statistiche sulle risposte
Comune % Corretto
Formia
92%
Gaeta
92%
Latina
90%
Terracina
88%
Aprilia
86%
Fondi
82%
Sabaudia
82%
Minturno
80%
Sezze
80%
Sperlonga
80%
San Felice Circeo
78%
Cisterna di Latina
73%
Pontinia
67%
Priverno
67%
Sermoneta
65%
Itri
63%
Maenza
61%
Ponza
55%
Sonnino
55%
Bassiano
53%
Cori
53%
Norma
53%
Monte San Biagio
51%
Roccagorga
49%
Ventotene
47%
Lenola
45%
Campodimele
43%
Castelforte
43%
Santi Cosma e Damiano
43%
Roccasecca dei Volsci
41%
Spigno Saturnia
41%
Prossedi
39%
Rocca Massima
37%
Nessun quiz corrispondente trovato
Distribuzione punteggi
Percentuale di utenti per punteggio
Percentile per numero di risposta
I tuoi punteggi nel tempo
Non hai fatto questo quiz